000 00682cab a2200217 4500
001 WB2701-16
008 090401t1990 xxu||||| |||| 00| 0 eng d
035 _a(Sirsi) u65031
041 _aeng
245 _aDevelopment allowed on SSSI
260 _c1990
350 _a0
490 _aTimes
_v22/12/90 p3
520 _aIn an important test case the High Court has ruled that an SSSI designation can be overridden by the planning process and therefore proposed housing development on Canford Heath in Dorset can go ahead.
650 _aPOOLE BC
650 _aWILDLIFE AND COUNTRYSIDE ACT 1981
650 _aWILDLIFE
690 _aCON
942 _n0
948 _c04/03/1997
999 _c40531
_d40531